| 000 | 00670nam a22002177a 4500 | ||
|---|---|---|---|
| 999 |
_c12263 _d12263 |
||
| 003 | AR-CdUCM | ||
| 008 | 190408b ||||| |||| 00| 0 spa d | ||
| 040 |
_aMUNICIPALIDAD PROVINCIAL DEL CUSCO _cBIBLIOTECA MUNICIPAL DEL CUSCO |
||
| 082 |
_a891.36 / _bM97 / 1851 |
||
| 100 |
_aMurat, Jadsi _930029 |
||
| 245 | _aNovela por el Conde León Tolstoi / | ||
| 260 |
_aMadrid : _bBiblioteca nueva, _c1851. |
||
| 300 |
_a302 páginas ; _c19 cm. |
||
| 505 | _aContenido : Novela -- Narrativa ... | ||
| 650 |
_aNovela _9572 |
||
| 650 |
_aEspañola _924066 |
||
| 650 |
_aUniversal _918236 |
||
| 700 |
_aTasin, N. _928516 |
||
| 942 |
_2ddc _cLIBROS |
||
| 945 |
_arah _d08/4/04/2019 |
||